Southville International School and Colleges
Your cart is empty.
  • Cart
  • Lists
    Public lists Eva Luna New books Lux_list list_1
    Your lists Log in to create your own lists
  • Log in to your account
  • Your cookies
  • Search history
Southville International School and Colleges
  • Advanced search
  • Recent comments
  • Most popular
  • Libraries

Log in to your account

Log in with GOOGLE


If you do not have an external account, but do have a local account, you can still log in:

  1. Home
  2. MARC view: 573 ways to save money :
Normal view MARC view ISBD view

573 ways to save money : (Record no. 339892)

[ view plain ]
MARC details
000 -LEADER
fixed length control field 00865nam a2200277Ia 4500
008 - FIXED-LENGTH DATA ELEMENTS--GENERAL INFORMATION
fixed length control field 170711s9999 xx 000 0 und d
020 ## - INTERNATIONAL STANDARD BOOK NUMBER
International Standard Book Number 9781599218502
050 ## - LIBRARY OF CONGRESS CALL NUMBER
Classification number 332
050 ## - LIBRARY OF CONGRESS CALL NUMBER
Item number S214 2009
100 ## - MAIN ENTRY--PERSONAL NAME
Personal name Sander, Peter
245 ## - TITLE STATEMENT
Title 573 ways to save money :
245 ## - TITLE STATEMENT
Remainder of title save the cost of this book many times over in less than a day! /
245 ## - TITLE STATEMENT
Statement of responsibility, etc by Peter Sander and Jennifer Sander.
260 ## - PUBLICATION, DISTRIBUTION, ETC. (IMPRINT)
Place of publication, distribution, etc Guilford, Connecticut :
260 ## - PUBLICATION, DISTRIBUTION, ETC. (IMPRINT)
Name of publisher, distributor, etc Lyons Press,
260 ## - PUBLICATION, DISTRIBUTION, ETC. (IMPRINT)
Date of publication, distribution, etc 2009
300 ## - PHYSICAL DESCRIPTION
Extent 289 pages :
300 ## - PHYSICAL DESCRIPTION
Other physical details illustrations ;
300 ## - PHYSICAL DESCRIPTION
Dimensions 21cm.
500 ## - GENERAL NOTE
General note Includes index.
650 ## - SUBJECT ADDED ENTRY--TOPICAL TERM
Topical term or geographic name as entry element Finace, Personal.
650 ## - SUBJECT ADDED ENTRY--TOPICAL TERM
Topical term or geographic name as entry element Saving and investment.
700 ## - ADDED ENTRY--PERSONAL NAME
Personal name Sander, Jennifer.
700 ## - ADDED ENTRY--PERSONAL NAME
Personal name Title : Five hundred and seventy three ways to save money : save the cost of this book many times over in less than a day!.
700 ## - ADDED ENTRY--PERSONAL NAME
Personal name Title.

No items available.

573 ways to save money :

APA

Sander P., Sander J., Title : Five hundred and seventy three ways to save money : save the cost of this book many times over in less than a day! & Title.573 ways to save money. Guilford, Connecticut: .

Chicago

Sander Peter, Sander Jennifer, Title : Five hundred and seventy three ways to save money : save the cost of this book many times over in less than a day! and Title.573 ways to save money. Guilford, Connecticut: .

Harvard

Sander P., Sander J., Title : Five hundred and seventy three ways to save money : save the cost of this book many times over in less than a day! and Title.573 ways to save money. Guilford, Connecticut: .

MLA

Sander Peter, Sander Jennifer, Title : Five hundred and seventy three ways to save money : save the cost of this book many times over in less than a day! and Title.Guilford, Connecticut: . .

  • Print
  • Cite
  • Add to your cart (remove)
  • Save record
    BIBTEX Dublin Core MARCXML MARC (non-Unicode/MARC-8) MARC (Unicode/UTF-8) MARC (Unicode/UTF-8, Standard) MODS (XML) RIS
  • More searches
    Search for this title in:
    Other Libraries (WorldCat) Other Databases (Google Scholar) Online Stores (Bookfinder.com) Open Library (openlibrary.org)

Exporting to Dublin Core...

SOUTHVILLE LIBRARY

Southville International School and Colleges Library

1281 Tropical Ave. Cor. Luxembourg St., BF Homes International, Las Pinas City

Tel. No. 8256374 / 252358 Loc. 117/146

Powered by Koha